000 01106nam a2200301Ia 4500
001 Para_9242
003 CHAP
008 220125s2006 xx 000 0 und d
010 _a207981
040 _cCHAP
090 _aTESIS 2039
100 _aQuiñonez Cruz, Sergio
_993472
245 _aControl "in vitro" y reacciones de patogenicidad de la marchitez de Stewart (Pantoea stewartii Mergaert) sobre cuatro variedades de maíz, bajo condiciones de invernadero en Chapingo, México /
_c por Sergio Quiñonez Cruz
260 _aChapingo, Méx. :
_b el autor
300 _a36 h.
502 _aTesis (Ing. Agr. Esp. en Parasitología Agrícola) -- UACh. Departamento Parasitología Agrícola
650 _aBacterias fitopatógenas
_99326
650 _aMaíz
_x enfermedades por bacterias
_970940
650 _aPantoea stewartii
_9174419
710 _aUACh. Departamento Parasitología Agrícola
_9164025
901 _aTESIS 2039
902 _aM
905 _a0000002006 a 0000000000 00
910 _a2006
942 _cPARA
942 _cPARA
_d2
999 _c207981
_d207981